| 000 | 00903nam a2200265Ia 4500 | ||
|---|---|---|---|
| 001 | 21819 | ||
| 005 | 20260320113315.0 | ||
| 008 | 260320s9999||||xx |||||||||||||| ||und|| | ||
| 020 | _a9788493898502 | ||
| 041 | _aESP | ||
| 082 |
_a711.4 _bJ13 |
||
| 100 |
_aJacobs, Jane, _eAUT |
||
| 245 | 0 |
_aMuerte y vida de las grandes ciudades _b |
|
| 246 |
_aThe death and life of great american cities (1961) _5 _b |
||
| 250 | _aTercera edición | ||
| 260 |
_aMadrid : _bCaitán Swing Libros, _c2013 |
||
| 300 |
_a487 páginas : _b _c22 cm. _e |
||
| 440 |
_a(Colección Entrelíneas) _n _v |
||
| 650 | _aABD | ||
| 653 | _aArquitectura; Urbanismo; Ciudades y pueblos; Política urbana | ||
| 654 | _aCAU | ||
| 700 |
_aAbad, Ángel; Useros, Ana; _cTRA |
||
| 856 |
_uhttps://www-elcroquisdigital-com.ucsp.lookproxy.com/ _zVéase además: Base de datos El Croquis Biblioteca Digital |
||
| 942 |
_cLIB _dJUS _fMAT _2ddc _n |
||
| 999 |
_c21819 _d21819 |
||